00472nam a2200133 4500008004100000022001300041245005300054246005000107260005300157300001100210942000700221952009500228999001500323240222b |||||||| |||| 00| 0 eng d a13910582 aLogos-Vol. 39, no. 2 (2-8th April 2000) : Part I aRebuilding global justice in the 21st century aColombo :bCentre for society & Religion,c2000 b139 p. cCR 00102ddc4070aMAINbMAINd2024-02-22l0o172.4 LOGpRAF5076r2024-02-22w2024-02-22yCR c4792d4792